000 00465nam a22001697a 4500
005 20251108164337.0
008 250721s1999 xx 000 0 ara d
082 1 4 _a219.9/جمع
100 1 _aجمعه، أحمد خليل
245 1 0 _aبنات الصحابة /
264 1 _aدمشق :
_bدار اليمامه للنشر،
_c1999.
300 _a593ص
650 1 7 _aالمرأة المسلمة
650 1 7 _aالإسلام
942 _2ddc
_cBK
999 _c9848
_d9848